000
00348nam a2200145Ia 4500
008
100122s9999 xx 000 0 und d
082
_b
10548
_a
50
245
_a
अनघा
300
_a
113
520
_a
दिवाळी - 2002
620
_a
दिवाळी - 2002
630
_a
अनघा
730
_a
अनघा
942
_c
BOOK
999
_c
384068
_d
384065